| 000 | 01535 a2200229 4500 | ||
|---|---|---|---|
| 001 | 37761 | ||
| 005 | 20260407155643.0 | ||
| 008 | 260407a2001 arg spa d | ||
| 003 | AR-UNSa-BCEJYS | ||
| 040 |
_aAR-UNSa-BCEJYS _bspa _cAR-UNSa-BCEJYS |
||
| 080 |
_a35 _xAdministración Pública |
||
| 245 | 1 | 0 | _aLa nueva gestión pública |
| 020 | _a84-205-3105-7 | ||
| 264 | 1 |
_aMadrid : _bPrentice Hall _c2001 |
|
| 300 |
_axiv, 401 p. _c24 cm. |
||
| 505 | _a1. La evolución de la gestión pública: la nueva gestión pública - 2. Gobernabilidad y gestión pública - 3. La reforma del sector público. Las privatizaciones: el estado de la cuestión y su aplicación al caso español - 4. La gestión de los recursos humanos - 5. El liderazgo y la gestión directiva en las organizaciones públicas: el estado de la cuestión - 6. Gestión y presupuestos - 7. El control de gestión en las organizaciones públicas; 8. La cultura organizativa y la ética pública - 9. Información y comunicación - 10. La posición del ciudadano: la noción del cliente - 11. La gestión intergubernamental: las relaciones intergubernamentales en España - 12. Gestión pública y gestión intergubernamental en la Unión Europea - 13. Los provesos de innovación y cambio en la gestión pública de los países de la OCDE | ||
| 041 | _aspa | ||
| 942 | _cBK | ||
| 590 | _aniveau_biblio:m niveau_hierar:0 | ||
| 100 | 1 | _aOlias de Lima Gete, Blanca | |
| 856 | 4 | 1 |
_uhttps://biblioeco.unsa.edu.ar/pmb/images/libros/L86727.jpg _yImagen de portada _qimage/jpeg |
| 999 |
_c2785 _d2785 |
||